00514nam a2200181Ia 450000100060000000300090000600500170001500800410003202000180007304000130009108200210010410000220012524501090014726000390025630000110029554600070030670000190031331158PK-LaUMT20220902154920.0140416s9999 xx 000 0 und d a0-8213-5685-2 cPK-LaUMT aW 303.485bBEN-U aBenson, Charlotte aUnderstanding the economic and financial impacts of natural disasterscBenson, Charlotte<>Edward J. Clay aWashington,USA:bWorld Bank,c2004 a119 p. aEN aEdward J. Clay